1290 1871 1678 1941 1353 1521 1603 1913 1041 1768 1781 1271 1340 1429 1325 1521 1728 1769 1626 1447 1312 1666 1365 1431 1708 1130 1687 1872 1929 1429 1731 1869 1341 1865 1346 1947 1280 1573 1192 1052 1202 1388 1584 1917 1561 1767 1295 1752 1273 1604 1928 1277 1163 1852 1854 1255 1087 1945 1903 1185 1206 1756 1588 1138 1123 1480 1292 1257 1608 1812 1014 1518 1710 1773 1324 1076 1910 1033 1340 1358 1914 1513 1597 1662 1881 1667 1540 1996 1649 1862 1727 1505 1771 1134 1710 1574 1331 1829 1858 BCNSPRNW ULIB Ver.6.0+V

เปลี่ยนเป็นภาษาไทย

Change to English
 แสดงรายละเอียดบรรณานุกรม
  กลับหน้าหลัก

Brief Record : Get Marc (ISO 2709) : E-mail record : QR code < ปิดหน้าต่าง
LEADER : 00000nam 2200000uu 4500
001    13399124272
003     ULIB
008    150216s2557th 000 0 tha d
020    ^a9786165517980
060 04 ^aWE168^bต367
110 1  ^aมหาวิทยาลัยมหิดล. ^bคณะแพทยศาสตร์โรงพยาบาลรามาธิบดี. ^bภาควิชาออ์โธปิดิกส์
245 00 ^aตำราแก่นความรู้ทางออร์โธปิดิกส์ สำหรับแพทยศาสตรบัณฑิต = Textbook of Orthopedic Core Knowledge for Medical Doctor /^cบรรณาธิการ, อารี ตนาวลี; สีหธัช งามอูโฆษ; ยงศักดิ์ หวังรุ่งทรัพย์
250    ^aพิมพ์ครั้งที่ 1.
260    ^aกรุงเทพฯ :^bภาควิชาออร์โธปิดิกส์ คณะแพทยศาสตร์ จุฬาลงกรณ์มหาวิทยาลัย,^c2557.
300    ^a372 หน้า :^bภาพประกอบ ;^c28 ซม.
650  4 ^aศัลยกรรมกระดูก
650  4 ^aกระดูก^xศัลยกรรม
700 0  ^aลีหธัช งามอุโฆษ,^eผู้แต่งร่วม
700 0  ^aยงศักดิ์ หวังรุ่งทรัพย์. ผู้แต่งร่วม
945    ^p1000^l0^i039218
945    ^p1000^l0^i039219
945    ^p1000^l0^i039220
999    ^aทศพร
รายการนี้ยังไม่มีแท็ก
คุณยังไม่ได้ล็อกอิน คุณสามารถมีกิจกรรมร่วมกับเว็บไซต์ได้ แต่ต้องล็อกอินก่อน ::
  ล็อกอิน

รายการสื่อสารสนเทศ

ลำดับที่ ประเภท เลขเรียก/บาร์โค้ด สถานที่ สถานะ
1. วิทยาศาสตร์การแพทย์ และสุขภาพ
วิทยาศาสตร์การแพทย์ และสุขภาพ
สถานะ=หนังสือเก่า
WE168 ต367 ฉ.1 
  Barcode: 039218
ห้องสมุดวิทยาเขตสวรรค์ประชารักษ์
►ส่วนจัดเก็บหนังสือเก่า สปร
บนชั้น
  ขอยืม
2. วิทยาศาสตร์การแพทย์ และสุขภาพ
วิทยาศาสตร์การแพทย์ และสุขภาพ
สถานะ=หนังสือเก่า
WE168 ต367 ฉ.2 
  Barcode: 039219
ห้องสมุดวิทยาเขตสวรรค์ประชารักษ์
►ส่วนจัดเก็บหนังสือเก่า สปร
บนชั้น
  ขอยืม
3. วิทยาศาสตร์การแพทย์ และสุขภาพ
วิทยาศาสตร์การแพทย์ และสุขภาพ
สถานะ=หนังสือเก่า
WE168 ต367 ฉ.3 
  Barcode: 039220
ห้องสมุดวิทยาเขตสวรรค์ประชารักษ์
►ส่วนจัดเก็บหนังสือเก่า สปร
บนชั้น
  ขอยืม

รายการใกล้เคียง
    หัวเรื่อง [ศัลยกรรมกระดูก]

BibComment


ยังไม่เคยถูกคอมเมนท์

คอมเมนท์ทรัพยากรรายการนี้
  คอมเมนท์: ตำราแก่นความรู้ท..


 Copyright 2026. Bcnsprnw @Library